| 000 | 00719nac a22002291ca4500 | ||
|---|---|---|---|
| 001 | a987691577 | ||
| 008 | 190129s2018 gw |||| 000u ger d | ||
| 020 |
_a9783835332683 _9978-3-8353-3268-3 |
||
| 041 | _ager | ||
| 100 | 1 | _aAngrick, Andrej | |
| 245 | 0 | 0 |
_aAktion 1005 - Spurenbeseitigung von NS-Massenverbrechen 1942 - 1945 : _beine "geheime Reichssache" im Spannungsfeld von Kriegswende und Propaganda / _cAndrej Angrick |
| 264 |
_aGöttingen : _bWallstein Verlag, _c2018 |
||
| 300 | _a2 Bände | ||
| 650 | 0 | _aSonderaktion 1005 | |
| 650 | 0 | _aJudenvernichtung | |
| 650 | 0 | _aKriegsverbrechen | |
| 650 | 0 | _aWeltkrieg <1939-1945> | |
| 942 | _cMG | ||
| 040 | _cRU-10907106 | ||
| 003 | RU-10907106 | ||
| 999 |
_c51736 _d51736 |
||